El criterio moral en el niño / (Record no. 12253)

MARC details
000 -CABECERA
campo de control de longitud fija 00684nam a2200229 a 4500
005 - FECHA Y HORA DE LA ÚLTIMA TRANSACCIÓN
campo de control 20240925064119.0
008 - ELEMENTOS DE LONGITUD FIJA--INFORMACIÓN GENERAL
campo de control de longitud fija 991125s1977 bar 000 0 spa u
020 ## - NÚMERO INTERNACIONAL NORMALIZADO PARA LIBROS
Número Internacional Estándar del Libro 8424401786
035 ## - NÚMERO DE CONTROL DEL SISTEMA
Número de control de sistema UPN01000012253
049 ## - COLECCIÓN
Colección CG
050 #4 - SIGNATURA TOPOGRÁFICA DE LA BIBLIOTECA DEL CONGRESO
Número de clasificación LB1117
Número de documento/Ítem P5.48 1977
100 1# - ASIENTO PRINCIPAL--NOMBRE PERSONAL
Nombre de persona Piaget, Jean,
Fechas asociadas al nombre 1896-1980
245 13 - MENCIÓN DE TÍTULO
Título El criterio moral en el niño /
Mención de responsabilidad, etc. Jean Piaget ; tr. Nuria Vidal.
260 ## - PUBLICACIÓN, DISTRIBUCIÓN, ETC.
Lugar de publicación, distribución, etc. Barcelona, Esp. :
Nombre del editor, distribuidor, etc. Fontanella,
Fecha de publicación, distribución, etc. 1977.
300 ## - DESCRIPCIÓN FÍSICA
Extensión 356 p.
440 #3 - MENCIÓN DE SERIE/ASIENTO SECUNDARIO--TÍTULO
Título La educación ;
Designación de volumen o secuencia 13
500 ## - NOTA GENERAL
Nota general Bibliografía de Jean Piaget :
-- p.345-356
650 #4 - ASIENTO SECUNDARIO DE MATERIA - TERMINO TEMATICO
Término de materia o nombre geográfico como elemento de entrada CARACTER -
Subdivisión general PRUEBAS
9 (RLIN) 6676
650 #4 - ASIENTO SECUNDARIO DE MATERIA - TERMINO TEMATICO
Término de materia o nombre geográfico como elemento de entrada Educación moral
9 (RLIN) 1396
650 #4 - ASIENTO SECUNDARIO DE MATERIA - TERMINO TEMATICO
Término de materia o nombre geográfico como elemento de entrada Niño, Estudio del
9 (RLIN) 221
905 ## - TIPO DE MATERIAL
Tipo de material Libro
Holdings
Estado de retiro Estado de pérdida Fuente del sistema de clasificación o colocación Estado dañado No para préstamo Código de colección Localización permanente Ubicación/localización actual Ubicación en estantería Fecha de adquisición Total de préstamos Renovaciones totales Clasificación Código de barras Fecha visto por última vez Fecha del último préstamo Número de copia Tipo de ítem Koha
    Library of Congress Classification     Colección General Bib. Gregorio Torres Quintero Bib. Gregorio Torres Quintero Planta baja 11/05/2023 67 2 LB1117 P5.48 1977 63655 16/05/2023 11/05/2023 1 Libro